Szczegóły MARC21

Terminologia logistyczna : aneks : pojęcia i ich definicje : terminy kluczowe: logistyka, sterowanie przepływem dóbr, planowanie , marketing, usługi, fizyczna dystrybucja, transport, manipulacja mate riałami, elektroniczna wymiana danych (EDI), rozwój, produkcja, zakupy /

005 -DATA I CZAS OSTATNIEJ MODYFIKACJI [,]
    • @
    • pole kontrolne
    • 20070315155141.9
020 -Międzynarod. znormalizowany nr książki - ISBN [ , ]
    • a
    • Numer ISBN
    • 8387344303 Find
040 -Instytucja sporządzająca opis [ , ]
    • a
    • Instytucja, która sporządziła opis (NP)
    • SZCZ U
    • c
    • Instytucja, która sporządziła rekord (NP)
    • SZCZ U
041 -Język dokumentu [1, ]
    • a
    • Język tekstu (P)
    • polski
    • h
    • Język tekstu oryginalnego i/lub pośredniego (P)
    • angielski
942 -Rodzaj dokumentu [ , ]
    • c
    • Rodzaj dokumentu
    • Książka
245 -Strefa tytułu i oznaczenia odpowiedzialności [0, ]
    • a
    • Tytuł
    • Terminologia logistyczna : Find
    • b
    • Ciąg dalszy tytułu (NP)
    • aneks : pojęcia i ich definicje : terminy kluczowe: logistyka, sterowanie przepływem dóbr, planowanie , marketing, usługi, fizyczna dystrybucja, transport, manipulacja mate riałami, elektroniczna wymiana danych (EDI), rozwój, produkcja, zakupy / Find
260 -Strefa adresu wydawniczego [ , ]
    • a
    • Miejsce wydania (P)
    • Poznań :
    • b
    • Nazwa wydawcy (P)
    • Inst.Logistyki i Magazynowania,
    • c
    • Data wydania (P)
    • 1998.
300 -Strefa opisu fizycznego [ , ]
    • a
    • Określenie formy książki i/lub objętość (NP)
    • 145 s. :
    • b
    • Oznaczenie ilustracji (NP)
    • rys. :
    • c
    • Format (NP)
    • 30 cm.
500 -Uwaga ogólna [ , ]
    • a
    • Uwaga ogólna (NP)
    • Tł. z ang
080 -Uniwersalna Klasyfikacja Dziesiętna [ , ]
    • a
    • Symbol klasyfikacji
    • 658.1/.5(038)
980 -Symbol UKD [ , ]
    • a
    • UKD
    • 658.1/.5(038)
700 -Hasło dodatkowe - nazwa osobowa [ , ]
    • a
    • Nazwa osobowa (NP)
    • Maruszewska Iwona Find
920 -ISBN [ , ]
    • a
    • ISBN
    • 83-87344-30-3 Find
Lokalizacja Data inwentaryzacji Sygnatura Numer inwentarzowy Status udost.
T1999-02-10T.298T.298-2